000 00870nam a2200253 i 4500
001 bgj
100 1 _aAITCHISON, Jean
245 1 0 _aThe Seeds of Speech :
_blanguage origin and evolution /
_cJean Aitchison.
260 _aCambridge [etc.] :
_bCambridge University Press,
_c1996.
300 _aXII, 281 pp :
_bill. ;
_c20 cm.
490 1 _aCambridge Approaches to Linguistics / Jean Aitchison, Rupert Murdoch, gen. ed.
504 _aBibliography p. 245-267.
505 _aIncludes index.
650 9 _aLanguage and languages
_xOrigin
650 9 _aLanguage acquisition
650 9 _aLinguistic change
830 0 _aCambridge Approaches to Linguistics (Jean Aitchison, Rupert Murdoch, gen. ed.)
020 _a0521467934 (pbk)
040 _cBPK
041 0 _aeng
920 _a0-521-46793-4 (pbk)
942 _cKS
008 s uk f |000 0 eng
999 _c48194
_d48194
856 _uhttp://koha.tu.koszalin.pl/cgi-bin/koha/opac-detail.pl?biblionumber=48194
_yKatalog online BPK